European Actors by Picture #2 - Statistics

General Stats
  • This quiz has been taken 63 times
  • The average score is 10 of 16
Answer Stats
Picture Answer % Correct
Idris Elba
84%
Pierce Brosnan
84%
Ben Kingsley
82%
Antonio Banderas
80%
Orlando Bloom
76%
Colin Farrell
73%
Tom Hiddleston
73%
Daniel Day-Lewis
69%
Ewan McGregor
69%
Gérard Depardieu
55%
Jeremy Irons
55%
Sebastian Stan
47%
Alexander Skarsgård
38%
Vincent Cassel
35%
Daniel Brühl
31%
Roberto Benigni
29%
No matching quizzes found
Score Distribution
Percent of People with Each Score
Percentile by Number Answered
Your Score History
You have not taken this quiz